|
|
|
|
| LEADER |
00000cas a2200000 c 4500 |
| 001 |
320620433 |
| 003 |
DE-627 |
| 005 |
20260207122258.0 |
| 007 |
tu |
| 008 |
001013c20009999gw q| p| 0 |0ger c |
| 015 |
|
|
|a 00,A51,0761
|2 dnb
|
| 016 |
7 |
|
|a 020734522
|2 DE-101
|
| 016 |
7 |
|
|a 2022590-8
|2 DE-600
|
| 022 |
|
|
|a 1439-7404
|
| 035 |
|
|
|a (DE-627)320620433
|
| 035 |
|
|
|a (DE-603)093343116
|
| 035 |
|
|
|a (DE-576)091170788
|
| 035 |
|
|
|a (DE-599)ZDB2022590-8
|
| 035 |
|
|
|a (OCoLC)85639856
|
| 040 |
|
|
|a DE-627
|b ger
|c DE-627
|e rakwb
|
| 041 |
|
|
|a ger
|
| 044 |
|
|
|c XA-DE
|
| 082 |
0 |
|
|a 363.205
|q DE-101
|
| 082 |
0 |
4 |
|a 360
|a 340
|q DE-101
|
| 082 |
0 |
4 |
|a 340
|q DE-600
|
| 084 |
|
|
|a 2,1
|2 ssgn
|
| 084 |
|
|
|a KRIM
|q DE-21
|2 fid
|
| 222 |
|
0 |
|a Polizei & Wissenschaft
|
| 245 |
0 |
0 |
|a Polizei & Wissenschaft
|b unabhängige interdisziplinäre Zeitschrift für Wissenschaft und Polizei
|c Hrsg.: Clemens Lorei
|
| 246 |
3 |
3 |
|a Polizei und Wissenschaft
|
| 264 |
3 |
1 |
|a Frankfurt, M.
|b Verl. für Polizeiwiss.
|c 2000-
|
| 264 |
2 |
1 |
|a Melsungen
|b Bernecker
|c -2001
|
| 300 |
|
|
|c 30 cm
|
| 336 |
|
|
|a Text
|b txt
|2 rdacontent
|
| 337 |
|
|
|a ohne Hilfsmittel zu benutzen
|b n
|2 rdamedia
|
| 338 |
|
|
|a Band
|b nc
|2 rdacarrier
|
| 362 |
0 |
|
|a 2000 -
|
| 363 |
0 |
1 |
|i 2000
|
| 515 |
|
|
|a Ersch. 4x jährl.
|
| 583 |
1 |
|
|a Archivierung/Langzeitarchivierung gewährleistet
|f PEHE
|2 pdager
|5 DE-30
|
| 655 |
|
7 |
|a Zeitschrift
|0 (DE-588)4067488-5
|0 (DE-627)10454466X
|0 (DE-576)20917000X
|2 gnd-content
|
| 689 |
0 |
0 |
|d s
|0 (DE-588)4046595-0
|0 (DE-627)106197525
|0 (DE-576)209070196
|a Polizei
|2 gnd
|
| 689 |
0 |
|
|5 DE-101
|
| 776 |
1 |
|
|x 1439-7404
|
| 776 |
0 |
8 |
|i Online-Ausg.
|t Polizei & Wissenschaft
|d Frankfurt, M. : Verl. für Polizeiwiss., 2000
|w (DE-627)369083830
|w (DE-600)2118527-X
|w (DE-576)281230765
|x 1439-7404
|k Electronic
|
| 936 |
s |
n |
|a m200
|2 mzub
|
| 936 |
s |
n |
|a p100
|2 mzub
|
| 951 |
|
|
|a JT
|
| ELC |
|
|
|b 1
|
| LOK |
|
|
|0 000 xxxxxcy a22 3n 4500
|
| LOK |
|
|
|0 001 2394857900
|
| LOK |
|
|
|0 003 DE-627
|
| LOK |
|
|
|0 004 320620433
|
| LOK |
|
|
|0 005 20101014154114
|
| LOK |
|
|
|0 008 020118||||||||||||||||ger|||||||
|
| LOK |
|
|
|0 035
|a (DE-600)075853310
|
| LOK |
|
|
|0 040
|a DE-21-110
|c DE-627
|d DE-21-110
|
| LOK |
|
|
|0 092
|o l
|
| LOK |
|
|
|0 852
|8 1
|
| LOK |
|
|
|0 852
|a DE-21-110
|
| LOK |
|
|
|0 852 1
|c Z 185
|9 00
|
| LOK |
|
|
|0 85901
|8 1.1
|i 2000
|
| LOK |
|
|
|0 86630
|a 2000 -
|
| LOK |
|
|
|0 939
|a 2001-12-17
|b z01
|
| LOK |
|
|
|0 000 xxxxxcx a22 zn 4500
|
| LOK |
|
|
|0 001 2651148709
|
| LOK |
|
|
|0 003 DE-627
|
| LOK |
|
|
|0 004 320620433
|
| LOK |
|
|
|0 005 20111214141153
|
| LOK |
|
|
|0 008 101014||||||||||||||||ger|||||||
|
| LOK |
|
|
|0 040
|a DE-21-110
|c DE-627
|d DE-21-110
|
| LOK |
|
|
|0 852
|8 1
|
| LOK |
|
|
|0 852
|a DE-21-110
|
| LOK |
|
|
|0 852 1
|c Z 185
|m p
|9 00
|
| LOK |
|
|
|0 8564
|u http://www.polizeiundwissenschaft-online.de/
|x Abstracts
|
| LOK |
|
|
|0 86630
|a 2000 -
|
| LOK |
|
|
|0 938
|k p
|
| LOK |
|
|
|0 939
|a 2010-10-14
|b l01
|
| LOK |
|
|
|0 000 xxxxxcy a22 3n 4500
|
| LOK |
|
|
|0 001 2394857889
|
| LOK |
|
|
|0 003 DE-627
|
| LOK |
|
|
|0 004 320620433
|
| LOK |
|
|
|0 005 20080214104604
|
| LOK |
|
|
|0 008 020327||||||||||||||||ger|||||||
|
| LOK |
|
|
|0 035
|a (DE-600)076703231
|
| LOK |
|
|
|0 040
|a DE-Frei85
|c DE-627
|d DE-Frei85
|
| LOK |
|
|
|0 092
|o n
|
| LOK |
|
|
|0 852
|8 1
|
| LOK |
|
|
|0 852
|a DE-Frei85
|
| LOK |
|
|
|0 852 1
|9 00
|
| LOK |
|
|
|0 85901
|8 1.1
|i 2000
|
| LOK |
|
|
|0 86630
|a 2000 -
|
| LOK |
|
|
|0 939
|a 2002-03-14
|b z01
|
| ORI |
|
|
|a WA-MARC-krimdokb001.raw
|
| SPR |
|
|
|a 1
|t KRI
|